Computing methods for scientists and engineers /
Guardado en:
| Autor Principal: | |
|---|---|
| Otros Autores: | |
| Formato: | Libro |
| Idioma: | English |
| Publicado: |
Oxford :
Clarendon Press,
1968.
|
| Series: | Monographs on numerical analysis
|
| Etiquetas: |
Agregar Etiqueta
Sin Etiquetas, Sea el primero en etiquetar este registro!
|
| LEADER | 00643cam a22001935 4500 | ||
|---|---|---|---|
| 001 | MAT.inmabb001856 | ||
| 008 | 710709s1968####enk######b####001#0#eng#d | ||
| 005 | 20130325162101.0 | ||
| 245 | 1 | 0 | |a Computing methods for scientists and engineers / |c by L. Fox and D. F. Mayers. |
| 260 | |a Oxford : |b Clarendon Press, |c 1968. | ||
| 300 | |a xii, 255 p. ; |c 25 cm. | ||
| 490 | 0 | |a Monographs on numerical analysis | |
| 504 | |a Bibliografía: p. [249]-250. | ||
| 510 | 4 | |a MR, |c 39 #1072 | |
| 100 | 1 | |a Fox, L. |q (Leslie) | |
| 700 | 1 | |a Mayers, D. F. |q (David Francis), |d 1931- | |
| 084 | |a 65-01 |2 msc2000 | ||
| 010 | |a 68140970 | ||
| 859 | |h 65 |i F791c |p A-3314 |b BIB. MATEMATICA | ||
